1074 1740 1695 1615 1968 1706 1480 1889 1511 1676 1000 1051 1117 1938 1952 1151 1600 1823 1798 1131 1028 1261 1842 1937 1236 1810 1795 1053 1472 1608 1916 1450 1650 1811 1710 1213 1779 1247 1625 1974 1797 1098 1645 1503 1143 1540 1871 1576 1263 1968 1329 1712 1656 1729 1142 1141 1486 1531 1392 1247 1145 1595 1779 1536 1558 1015 1685 1995 1686 1621 1426 1768 1001 1043 1332 1930 1079 1493 1696 1901 1532 1139 1643 1558 1858 1156 1941 1196 1222 1336 1531 1031 1791 1468 1553 1740 1283 1303 1013 BCNSPRNW ULIB Ver.6.0+V

เปลี่ยนเป็นภาษาไทย

Change to English
 แสดงรายละเอียดบรรณานุกรม
  กลับหน้าหลัก

Brief Record : Get Marc (ISO 2709) : E-mail record : QR code < ปิดหน้าต่าง
LEADER : 00000nam 2200000uu 4500
001    13399124344
003     ULIB
008    150511s2553||||th 000 0 tha d
020    ^a9786162141751
099    ^aนว ว257อ
100    ^aวรรณวรรธน์
245    ^aอขิทโร ลูกปัดสิเน่หา เล่ม 2
250    ^aพิมพ์ครั้งที่ 1
260    ^aกรุงเทพฯ :^bณ บ้านวรรณกรรม กรุ๊ป,^c2553
300    ^a282 หน้า
650    ^aวรรณวรรธน์^xนิยาย
945    ^p240^l0^i039388
999    ^aเกษร โพธิ์สุวรรณ
รายการนี้ยังไม่มีแท็ก
คุณยังไม่ได้ล็อกอิน คุณสามารถมีกิจกรรมร่วมกับเว็บไซต์ได้ แต่ต้องล็อกอินก่อน ::
  ล็อกอิน

รายการสื่อสารสนเทศ

ลำดับที่ ประเภท เลขเรียก/บาร์โค้ด สถานที่ สถานะ
1. นวนิยาย
นวนิยาย
นว ว257อ ฉ.1 
  Barcode: 039388
ห้องสมุดวิทยาเขตสวรรค์ประชารักษ์
►นวนิยาย
บนชั้น
  ขอยืม

รายการใกล้เคียง
    ผู้แต่ง [วรรณวรรธน์]

BibComment


ยังไม่เคยถูกคอมเมนท์

คอมเมนท์ทรัพยากรรายการนี้
  คอมเมนท์: อขิทโร ลูกปัดสิเ..


 Copyright 2026. Bcnsprnw @Library